[Event "9ème Open International de Rouen"]
[Site "ROUEN"]
[Date "2016.12.20"]
[Round "7.1"]
[White "Loiseau, Quentin"]
[Black "Shchekachev, Andrei"]
[Result "1/2-1/2"]
[WhiteElo "2440"]
[BlackElo "2554"]
[PlyCount "64"]
[EventDate "2016.??.??"]

1. d4 Nf6 2. Nf3 e6 3. c4 Bb4+ 4. Nbd2 O-O 5. a3 Be7 6. e4 d6 7. Bd3 Nbd7 8.
O-O c5 9. d5 e5 10. Ne1 g6 11. Bc2 Nh5 12. g3 Ndf6 13. Nd3 Ng4 14. b4 b6 15. h3
Ngf6 16. Kg2 Ne8 17. f4 exf4 18. g4 Bf6 19. Rb1 Bg7 20. gxh5 Qg5+ 21. Kh1 Bxh3
22. Rf2 Bg4 23. Qf1 Nf6 24. Nxf4 Bxh5 25. Nf3 Bxf3+ 26. Rxf3 Ng4 27. Nh3 Qh5
28. Qg2 Ne5 29. Rg3 h6 30. Bf4 Nxc4 31. Rg1 Ne5 32. bxc5 bxc5 1/2-1/2

[Event "9ème Open International de Rouen"]
[Site "ROUEN"]
[Date "2016.12.20"]
[Round "7.2"]
[White "Garcia, Adrien"]
[Black "Legky, Nikolay A"]
[Result "1/2-1/2"]
[WhiteElo "2011"]
[BlackElo "2425"]
[PlyCount "112"]
[EventDate "2016.??.??"]

1. Nc3 Nf6 2. Nf3 d5 3. d3 b6 4. e4 dxe4 5. Nxe4 Nbd7 6. g3 Bb7 7. Nxf6+ Nxf6
8. Bg2 g6 9. O-O Bg7 10. a4 O-O 11. a5 c5 12. Re1 Re8 13. Bd2 b5 14. Bc3 a6
15. b3 Nh5 16. Bxg7 Nxg7 17. Qd2 Qc7 18. Qc3 Rac8 19. Qe5 Qxe5 20. Rxe5 f6
21. Re2 e5 22. Nd2 Bxg2 23. Kxg2 Nf5 24. Ne4 Rc6 25. Rae1 Nd4 26. Rd2 Kg7
27. Nc3 Rce6 28. Nd5 Rd8 29. Nc3 f5 30. Ne2 Rde8 31. Nc3 g5 32. f3 Kg6 33. Rh1
h5 34. h3 Rd8 35. Rf1 Kf6 36. Rh1 Red6 37. Rb1 Nc6 38. g4 Nd4 39. gxf5 Kxf5
40. Ne4 Rc6 41. h4 gxh4 42. Rh1 Rg8+ 43. Kf1 Rcg6 44. Rdh2 Kf4 45. Rxh4+ Ke3
46. Nxc5 Nf5 47. Re4+ Kxf3 48. Ke1 Ng3 49. Rh3 Kg2 50. Reh4 Rg4 51. Rxh5 Nxh5
52. Rxh5 Kf3 53. Kd2 b4 54. Rf5+ Rf4 55. Rxe5 Rg2+ 56. Kc1 Rf6 1/2-1/2

[Event "9ème Open International de Rouen"]
[Site "ROUEN"]
[Date "2016.12.20"]
[Round "7.3"]
[White "Le Roux, Jean-Pierre"]
[Black "Schmitt, Matthieu"]
[Result "1-0"]
[WhiteElo "2552"]
[BlackElo "1928"]
[PlyCount "35"]
[EventDate "2016.??.??"]

1. Nf3 d5 2. d4 c5 3. e3 Nc6 4. c4 e6 5. Nc3 Nf6 6. a3 cxd4 7. exd4 dxc4
8. Bxc4 Be7 9. O-O O-O 10. Re1 b6 11. d5 exd5 12. Nxd5 Nxd5 13. Qxd5 Bb7
14. Qh5 Qd6 15. Bg5 Bxg5 16. Nxg5 Qg6 17. Qxg6 hxg6 18. Rad1 1-0

[Event "9ème Open International de Rouen"]
[Site "ROUEN"]
[Date "2016.12.20"]
[Round "7.4"]
[White "Okhotnik, Vladimir"]
[Black "Blondel, Jerome"]
[Result "1-0"]
[WhiteElo "2429"]
[BlackElo "1963"]
[PlyCount "58"]
[EventDate "2016.??.??"]

1. c4 e5 2. Nc3 Nf6 3. g3 Bc5 4. Bg2 O-O 5. e3 Nc6 6. Nge2 Re8 7. d3 d6 8. O-O
Bf5 9. h3 Nb4 10. e4 Bd7 11. Kh2 h6 12. f4 Nc6 13. f5 Kh7 14. g4 g5 15. fxg6+
fxg6 16. g5 Nh5 17. Nd5 hxg5 18. h4 gxh4 19. Qd2 g5 20. Qxg5 Qxg5 21. Bxg5 Bg4
22. Bf3 Bxf3 23. Rxf3 Rf8 24. Raf1 Rxf3 25. Rxf3 Nd4 26. Nxd4 Bxd4 27. Nxc7 Rg8
28. Ne6 Kg6 29. Bxh4 Bxb2 {Suite Illisible, gain Blanc au 42ème coup.} 1-0

[Event "9ème Open International de Rouen"]
[Site "ROUEN"]
[Date "2016.12.20"]
[Round "7.5"]
[White "Daniel, Antoine"]
[Black "Piassale, Nils"]
[Result "0-1"]
[WhiteElo "1983"]
[BlackElo "1722"]
[PlyCount "63"]
[EventDate "2016.??.??"]

1. Nf3 d5 2. d4 Nf6 3. g3 c5 4. c3 Nc6 5. Bg2 Bg4 6. Ne5 h6 7. Nxg4 Nxg4 8. e4
Nf6 9. e5 Ng8 10. Qb3 e6 11. Qxb7 Nge7 12. dxc5 Nxe5 13. Qb5+ Qd7 14. Qxd7+
Kxd7 15. Ke2 a5 16. f4 N5g6 17. c4 Rc8 18. Rd1 Rxc5 19. Na3 e5 20. Be3 d4
21. fxe5 Nf5 22. Bxd4 Nxd4+ 23. Rxd4+ Kc7 24. Bd5 Nxe5 25. Nb5+ Kb6 26. Nc3 Rc7
27. Na4+ Ka6 28. a3 Bd6 29. b4 axb4 30. c5 Bxc5 31. Nxc5+ Kb5 32. axb4 0-1

[Event "9ème Open International de Rouen"]
[Site "ROUEN"]
[Date "2016.12.20"]
[Round "7.6"]
[White "Martine, Valentin"]
[Black "Neiman, Emmanuel"]
[Result "0-1"]
[WhiteElo "1619"]
[BlackElo "2274"]
[PlyCount "62"]
[EventDate "2016.??.??"]

1. c4 g6 2. Nc3 Bg7 3. g3 c5 4. Bg2 Nc6 5. Nf3 d6 6. O-O e5 7. d3 Nge7 8. Rb1
O-O 9. a3 a5 10. Nd2 f5 11. e4 f4 12. Nd5 g5 13. h3 Bd7 14. Kh2 Kh8 15. b3 Rb8
16. Bb2 g4 17. hxg4 Ng6 18. Rh1 Qg5 19. Bf3 fxg3+ 20. Kxg3 Nd4 21. Rh5 Rxf3+
22. Qxf3 Nxf3 23. Rxg5 Nxg5 24. b4 axb4 25. axb4 cxb4 26. Bc1 Nf4 27. Nxf4
exf4+ 28. Kxf4 Ne6+ 29. Kg3 Be5+ 30. Kh4 Rf8 31. f3 Rf6 0-1

[Event "9ème Open International de Rouen"]
[Site "ROUEN"]
[Date "2016.12.20"]
[Round "7.7"]
[White "Pinchon, Henri"]
[Black "Bordais, Benjamin"]
[Result "0-1"]
[WhiteElo "1819"]
[BlackElo "2119"]
[PlyCount "118"]
[EventDate "2016.??.??"]

1. e4 c6 2. d4 Na6 3. Nf3 d5 4. exd5 cxd5 5. h3 Nc7 6. Bd3 g6 7. O-O Bg7 8. Re1
Nf6 9. Qe2 Ne6 10. c3 O-O 11. Na3 a6 12. Nc2 Re8 13. Bd2 Nh5 14. g3 Qd6 15. Kg2
Nf8 16. Ne5 f6 17. Ng4 e5 18. Qf1 e4 19. Be2 f5 20. Ne5 Nf6 21. f4 exf3+ 22.
Bxf3 Ne4 23. Bxe4 dxe4 24. Bf4 Qb6 25. Rab1 Be6 26. b3 Nd7 27. c4 Nxe5 28. dxe5
Qa5 29. a4 Bxe5 30. Red1 Bf6 31. h4 Qc3 32. Ne3 Rad8 33. Nd5 Bxd5 34. cxd5 Rd7
35. Qc4 Rc8 36. Qf1 Kf7 37. Kh3 Qf3 38. Rbc1 Qxf1+ 39. Rxf1 Rxd5 40. Rfe1 Rxc1
41. Rxc1 Ke6 42. Rc7 Rd7 43. Rc4 Be5 44. h5 Bxf4 45. gxf4 gxh5 46. Rc5 Rd3+ 47.
Kh4 Rxb3 48. Kxh5 Kf6 49. Kh4 Rf3 50. a5 e3 51. Rc2 Rxf4+ 52. Kg3 Re4 53. Re2
h5 54. Kf3 h4 55. Kg2 Ke5 56. Kh3 Kd4 57. Kg2 Kd3 58. Ra2 e2 59. Ra3+ Kc2 0-1

[Event "9ème Open International de Rouen"]
[Site "ROUEN"]
[Date "2016.12.20"]
[Round "7.8"]
[White "Albaric, Etienne"]
[Black "Andrieu, Philippe"]
[Result "1-0"]
[WhiteElo "2098"]
[BlackElo "1831"]
[PlyCount "97"]
[EventDate "2016.??.??"]

1. e4 c5 2. Nf3 Nc6 3. Bb5 g6 4. O-O Bg7 5. c3 e6 6. d4 cxd4 7. cxd4 d5
8. exd5 Qxd5 9. Nc3 Qd8 10. d5 exd5 11. Nxd5 Be6 12. Re1 Ne7 13. Nxe7 Qxd1
14. Rxd1 Kxe7 15. Bg5+ f6 16. Be3 Rhd8 17. Bc5+ Kf7 18. Re1 Rd7 19. Rxe6 Kxe6
20. Re1+ Kf5 21. Nh4+ Kg5 22. g3 Kh6 23. Be3+ g5 24. Ba4 Bf8 25. Bb3 Kg7
26. Nf5+ Kh8 27. Be6 Rc7 28. h4 Re8 29. Bb3 Re5 30. g4 a5 31. Rd1 h5 32. hxg5
fxg5 33. Bxg5 Bg7 34. Bf4 hxg4 35. Kg2 Bf6 36. Nh6 Ree7 37. Bxc7 Rxc7 38. Nxg4
Bxb2 39. Rd5 Kg7 40. f4 Re7 41. Rg5+ Kh8 42. Kg3 Rg7 43. Rh5+ Rh7 44. Rf5 Rg7
45. Rf8+ Kh7 46. Bc2+ Rg6 47. Rf7+ Bg7 48. Rxb7 Nb4 49. Be4 1-0

[Event "9ème Open International de Rouen"]
[Site "ROUEN"]
[Date "2016.12.20"]
[Round "7.9"]
[White "Martine, Jean-Christophe"]
[Black "Veniat, Nicolas"]
[Result "1-0"]
[WhiteElo "2075"]
[BlackElo "1847"]
[PlyCount "75"]
[EventDate "2016.??.??"]

1. d4 Nf6 2. Nd2 g6 3. e4 d6 4. Ngf3 Bg7 5. Bd3 O-O 6. O-O Nbd7 7. Re1 c5 8. c3
a6 9. a4 Rb8 10. Qe2 e6 11. Nf1 d5 12. Bf4 dxe4 13. Bxe4 Ra8 14. Bd6 Re8 15.
dxc5 Nxe4 16. Qxe4 Nf6 17. Qc4 Bd7 18. Ne5 Rc8 19. Qb4 Bc6 20. Nxc6 bxc6 21.
Qb7 a5 22. Rad1 Qd7 23. Qb3 Qa7 24. Qb6 Qa8 25. Ne3 Nd7 26. Qb3 Qa7 27. Qc4
Red8 28. Ng4 h5 29. Ne3 Ne5 30. Qf4 Nd7 31. Nc4 Nxc5 32. Qe3 Bf8 33. Bxf8 Kxf8
34. b4 axb4 35. cxb4 Rd5 36. bxc5 Qxc5 37. Qxc5+ Rxc5 38. Nb6 1-0

[Event "9ème Open International de Rouen"]
[Site "ROUEN"]
[Date "2016.12.20"]
[Round "7.10"]
[White "Naji, Nil"]
[Black "Le Bourhis, Dominique"]
[Result "0-1"]
[WhiteElo "1825"]
[BlackElo "2065"]
[PlyCount "66"]
[EventDate "2016.??.??"]

1. e4 c5 2. Nf3 d6 3. d4 cxd4 4. Qxd4 Nc6 5. Bb5 Bd7 6. Bxc6 Bxc6 7. Nc3 h6
8. O-O Nf6 9. Re1 e5 10. Qd3 Qb6 11. Nd2 Rd8 12. Nc4 Qc7 13. Ne3 Qb8 14. Ncd5
Nd7 15. f3 Nc5 16. Qe2 Ne6 17. c3 f6 18. Qf2 Kf7 19. Qg3 g6 20. Qh4 Bg7 21. Ng4
Bxd5 22. exd5 Ng5 23. Nf2 f5 24. Nh3 Bf6 25. Bxg5 hxg5 26. Nxg5+ Ke7 27. Qg3
Rdg8 28. b4 Rh5 29. Ne6 Bh4 30. Qh3 Bf2+ 31. Kxf2 Rxh3 32. gxh3 Qc8 33. Rac1
Qc4 0-1

[Event "9ème Open International de Rouen"]
[Site "ROUEN"]
[Date "2016.12.20"]
[Round "7.11"]
[White "Hameau, Cyril"]
[Black "Mergen, Bat"]
[Result "1-0"]
[WhiteElo "1879"]
[BlackElo "1802"]
[PlyCount "79"]
[EventDate "2016.??.??"]

1. e4 c5 2. d4 cxd4 3. c3 dxc3 4. Nxc3 Nc6 5. Nf3 d6 6. Bc4 a6 7. O-O Nf6
8. Qe2 Bg4 9. h3 Bxf3 10. gxf3 e6 11. Rd1 Qb8 12. Bf4 Be7 13. Kh1 Ne5 14. Bb3
O-O 15. Rg1 Kh8 16. Bg5 h6 17. Be3 Rd8 18. f4 Ned7 19. Rg2 Nc5 20. Bc2 d5
21. e5 d4 22. exf6 Bxf6 23. Qh5 Qc7 24. Rag1 dxe3 25. fxe3 Qe7 26. e4 Qf8
27. e5 g6 28. Qf3 Bg7 29. h4 Rd7 30. b4 Nd3 31. Bxd3 Re8 32. Bb1 Qxb4 33. Ne4
Rd4 34. h5 g5 35. fxg5 Bxe5 36. gxh6 f5 37. h7 Qe7 38. Rg8+ Kxh7 39. R8g5 Rd2
40. Nxd2 1-0

[Event "9ème Open International de Rouen"]
[Site "ROUEN"]
[Date "2016.12.20"]
[Round "7.12"]
[White "Bordais, Dominique"]
[Black "Yuan, Beline"]
[Result "1-0"]
[WhiteElo "1876"]
[BlackElo "1800"]
[PlyCount "93"]
[EventDate "2016.??.??"]

1. e4 e6 2. d4 d5 3. Nd2 Nf6 4. Bd3 c5 5. dxc5 Bxc5 6. Qe2 Nc6 7. Ngf3 Qc7
8. O-O h6 9. exd5 Nxd5 10. Nb3 Bd6 11. g3 O-O 12. c4 Nf6 13. c5 Be7 14. Bf4 Qd7
15. Rad1 Nd5 16. Bc1 Qc7 17. Rfe1 Ncb4 (17... Ndb4 18. Bb1 Bxc5 19. a3 Na6
20. Ne5) 18. Bb1 Bxc5 19. a3 Na6 20. Ne5 Nf6 21. Ng4 Be7 22. Nxf6+ Bxf6 23. Qe4
Re8 24. Qf3 Bd7 25. Bxh6 Bc6 26. Be4 Bxe4 27. Rxe4 Bxb2 28. Rg4 f5 29. Rg6 Qf7
30. Qh5 Bf6 31. Bg5 Be5 32. Re1 Bc3 33. Re2 b6 34. Nd2 e5 35. Bf6 Rf8 36. Rxg7+
Qxg7 37. Bxg7 Kxg7 38. Nf3 e4 39. Qg5+ Kh7 40. Nh4 Nc5 41. Nxf5 Rae8 42. Qh6+
Kg8 43. g4 Re6 44. Qg5+ Kf7 45. Qh5+ Kg8 46. Re3 Bf6 47. Qg6+ 1-0

[Event "9ème Open International de Rouen"]
[Site "ROUEN"]
[Date "2016.12.20"]
[Round "7.13"]
[White "Mignot, Enzo"]
[Black "Bertrand, Julien"]
[Result "1-0"]
[WhiteElo "1869"]
[BlackElo "1799"]
[PlyCount "63"]
[EventDate "2016.??.??"]

1. d4 g6 2. c4 Bg7 3. Nc3 d6 4. e4 c6 5. Be3 Nd7 6. Nf3 Qc7 7. Be2 Ngf6 8. O-O
a6 9. Rc1 O-O 10. b4 Rd8 11. Ne1 e5 12. d5 c5 13. a3 b6 14. Nd3 Ne8 15. g4 a5
16. bxc5 Nxc5 17. Nxc5 bxc5 18. Rb1 Ba6 19. Qa4 Rab8 20. Bd2 Nf6 21. f3 Rdc8
22. Bd3 Qd8 23. Rxb8 Rxb8 24. Rb1 Ra8 25. Qc6 Bf8 26. Na4 Qc8 27. Nb6 Qxc6
28. dxc6 Ra7 29. Nd5 Nxd5 30. exd5 e4 31. Bxe4 Bc8 32. Rb8 1-0

[Event "9ème Open International de Rouen"]
[Site "ROUEN"]
[Date "2016.12.20"]
[Round "7.14"]
[White "Leleu, Andre"]
[Black "Pineau, Jean-Jacques"]
[Result "1-0"]
[WhiteElo "1848"]
[BlackElo "1779"]
[PlyCount "119"]
[EventDate "2016.??.??"]

1. c4 c5 2. Nc3 Nc6 3. g3 g6 4. e4 Bg7 5. Bg2 e5 6. Nge2 Nge7 7. d3 O-O 8. O-O
f5 9. a3 a5 10. Nd5 d6 11. Bd2 h6 12. Rb1 Kh7 13. Nec3 Be6 14. Nb5 Bxd5 15.
cxd5 Na7 16. Nc3 Qc7 17. b4 axb4 18. axb4 b6 19. bxc5 bxc5 20. Qa4 Nac6 21. Nb5
Qb6 22. Qc4 Nb4 23. Bxb4 cxb4 24. Rxb4 Rac8 25. Qb3 Rb8 26. Qb2 f4 27. Bh3 fxg3
28. hxg3 Rf3 29. Kg2 Rf6 30. Rc1 Rbf8 31. Rc2 h5 32. Nd4 Qa7 33. Ne6 Re8 34.
Rb7 Qa6 35. Qb3 h4 36. gxh4 Kh6 37. Rcc7 Bf8 38. Qc3 Qa2 39. Rb2 Qa1 40. Qd2+
Kh7 41. Rbb7 Kg8 42. Ng5 Qa4 43. Be6+ Kg7 44. Qe2 Qd4 45. Nf3 Qa1 46. Nh2 Qd4
47. Ng4 Rf4 48. f3 g5 49. hxg5 Kg6 50. Nf6 Ra8 51. Rb1 Ra3 52. Rd1 Rb3 53. Rc4
Qb6 54. Nd7 Rb2 55. Rd2 Rxd2 56. Qxd2 Qb1 57. Rc1 Qb7 58. Rh1 Bg7 59. Kg3 Qa7
60. Qh2 1-0

[Event "9ème Open International de Rouen"]
[Site "ROUEN"]
[Date "2016.12.20"]
[Round "7.16"]
[White "Roussel, Maxime"]
[Black "Guillaumat, Jean-Pierre"]
[Result "0-1"]
[WhiteElo "1587"]
[BlackElo "1794"]
[PlyCount "100"]
[EventDate "2016.??.??"]

1. d4 Nf6 2. Nf3 d5 3. e3 e6 4. Bd3 c5 5. c3 Nc6 6. Nbd2 cxd4 7. exd4 Bd6 8.
O-O O-O 9. Re1 Re8 10. Nf1 e5 11. dxe5 Nxe5 12. Nxe5 Bxe5 13. Bg5 h6 14. Bh4
Bg4 15. Qa4 Bd7 16. Qb3 Bc6 17. Bb5 Qd6 18. Rad1 Qc5 19. Bxc6 bxc6 20. Ne3 Ne4
21. Nxd5 cxd5 22. Rxd5 Qc7 23. Bg3 Bxg3 24. hxg3 Nf6 25. Rxe8+ Rxe8 26. Rd1 Re2
27. Qb5 Re5 28. Qb3 Ne4 29. Rd5 Rxd5 30. Qxd5 Nf6 31. Qa8+ Kh7 32. Qf3 Qe5 33.
Qd3+ g6 34. Kf1 Kg7 35. Qe2 Qf5 36. Qd1 h5 37. b3 Qe4 38. f3 Qe5 39. Qe1 Qf5
40. Qd1 Kh7 41. Qd2 Ng4 42. Ke2 Qe5+ 43. Kd1 Ne3+ 44. Kc1 Nf5 45. f4 Qe4 46.
Qd7 Kg7 47. Qxa7 Qxg2 48. c4 Qxg3 49. Qc7 Qe3+ 50. Kb2 h4 0-1

[Event "9ème Open International de Rouen"]
[Site "ROUEN"]
[Date "2016.12.20"]
[Round "7.17"]
[White "Ayoub, Georges"]
[Black "Bureau-Leroyer, Lola"]
[Result "1/2-1/2"]
[WhiteElo "1761"]
[BlackElo "1595"]
[PlyCount "106"]
[EventDate "2016.??.??"]

1. e4 c6 2. d4 d5 3. Nc3 g6 4. e5 Bg7 5. f4 Nh6 6. h3 Be6 7. Nce2 Nd7 8. Nf3 f6
9. c3 Qb6 10. Ng3 Nf5 11. Nxf5 Bxf5 12. Bd3 Bxd3 13. Qxd3 O-O-O 14. b4 Bh6 15.
a4 fxe5 16. fxe5 Bxc1 17. Rxc1 Qc7 18. b5 cxb5 19. Qxb5 Nb6 20. Nd2 Qc6 21.
Qxc6+ bxc6 22. a5 Nd7 23. O-O Rhf8 24. g4 Kb7 25. Rxf8 Rxf8 26. Kg2 Ka6 27. Rb1
Rb8 28. Nb3 Rb5 29. e6 Nf6 30. Nc5+ Kxa5 31. Ra1+ Kb6 32. Ra6+ Kc7 33. Rxa7+
Kd8 34. g5 Ne4 35. Na6 Rb2+ 36. Kf3 Nxg5+ 37. Ke3 Nxe6 38. Nb4 c5 39. Nc6+ Kc8
40. Rxe7 cxd4+ 41. Nxd4 Nxd4 42. Kxd4 h5 43. Kxd5 Rg2 44. Re3 Kd7 45. c4 h4 46.
Ke4 g5 47. Kf3 Rg1 48. Kf2 Rc1 49. Re5 Rxc4 50. Rxg5 Rc2+ 51. Kf3 Rc4 52. Rg4
Rxg4 53. hxg4 Ke6 1/2-1/2

[Event "9ème Open International de Rouen"]
[Site "ROUEN"]
[Date "2016.12.20"]
[Round "7.18"]
[White "Pheng, Wissam"]
[Black "Leduc, Jean-Philippe"]
[Result "1/2-1/2"]
[WhiteElo "1708"]
[BlackElo "1850"]
[PlyCount "67"]
[EventDate "2016.??.??"]

1. c4 Nf6 2. Nc3 g6 3. e4 d6 4. g3 Bg7 5. Bg2 c5 6. Nge2 Nc6 7. O-O O-O 8. d3
Bd7 9. f4 Ne8 10. f5 e6 11. g4 Rb8 12. Rb1 a6 13. Ng3 b5 14. Nce2 bxc4 15. dxc4
Ne5 16. g5 f6 17. gxf6 Bxf6 18. fxg6 hxg6 19. b3 Kg7 20. Bb2 Qe7 21. Nf4 Rd8
22. Nd3 Bc8 23. Nxe5 Bxe5 24. Rxf8 Kxf8 25. Bxe5 dxe5 26. Qg4 Kg7 27. h4 Kh6
28. h5 Qg5 29. Qxg5+ Kxg5 30. hxg6 Rd3 31. Nf1 Kxg6 32. Kf2 Nf6 33. Ke2 Rd4
34. Ke3 1/2-1/2

[Event "9ème Open International de Rouen"]
[Site "ROUEN"]
[Date "2016.12.20"]
[Round "7.19"]
[White "Delaruelle, Christian"]
[Black "Serano, Vincent"]
[Result "1-0"]
[WhiteElo "1840"]
[BlackElo "1705"]
[PlyCount "53"]
[EventDate "2016.??.??"]

1. e4 e5 2. f4 d6 3. Nf3 Bg4 4. Bc4 exf4 5. d4 g5 6. O-O Bg7 7. c3 h6 8. Qb3
Bh5 9. Qxb7 Nd7 10. e5 Rb8 11. Qe4 Bg6 12. Qe2 Kf8 13. Nbd2 Nb6 14. Bb3 Ne7 15.
Ne4 d5 16. Nexg5 hxg5 17. Nxg5 Nf5 18. Bxf4 Qe7 19. Rae1 Re8 20. Qb5 Kg8 21.
Nh3 Rxh3 22. gxh3 Rd8 23. Qe2 Kh7 24. Qg4 Rg8 25. Bg5 Qe6 26. Bc2 Bf8 27. Rxf5
1-0

[Event "9ème Open International de Rouen"]
[Site "ROUEN"]
[Date "2016.12.20"]
[Round "7.20"]
[White "Fontaine, Olivier"]
[Black "Dubois, Benjamin"]
[Result "1/2-1/2"]
[WhiteElo "1826"]
[BlackElo "1666"]
[PlyCount "50"]
[EventDate "2016.??.??"]

1. d4 d6 2. Nf3 Nf6 3. c4 Nbd7 4. Nc3 e5 5. g3 c6 6. Bg2 e4 7. Ng5 d5 8. cxd5
cxd5 9. O-O Bd6 10. Nh3 Nb6 11. Qb3 O-O 12. Bg5 Be7 13. e3 Bxh3 14. Bxh3 h6 15.
Bxf6 Bxf6 16. Rac1 h5 17. a4 a5 18. Rc2 Be7 19. Rfc1 Bb4 20. Bf1 h4 21. Nb5
hxg3 22. fxg3 Qg5 23. Rc7 Rac8 24. Na7 Rb8 25. R1c2 Bd6 1/2-1/2

[Event "9ème Open International de Rouen"]
[Site "ROUEN"]
[Date "2016.12.17"]
[Round "7.21"]
[White "Vigneron, Frederic"]
[Black "Dunand, Damien"]
[Result "0-1"]
[WhiteElo "1800"]
[BlackElo "1650"]
[PlyCount "160"]
[EventDate "2016.??.??"]

1. d4 Nf6 2. c4 d6 3. Nc3 Bf5 4. f3 c6 5. e4 Bg6 6. Be3 Nbd7 7. Bd3 e5 8. d5
Be7 9. Nge2 O-O 10. O-O Rc8 11. b4 c5 12. a3 a6 13. Qd2 b6 14. Rfb1 Qc7 15. Rb2
Rb8 16. Rab1 Rb7 17. Na4 Rfb8 18. bxc5 bxc5 19. Rxb7 Rxb7 20. Rxb7 Qxb7 21. Qb2
Qxb2 22. Nxb2 Nb6 23. Nc3 Nfd7 24. Bc2 f6 25. Bd2 Bd8 26. a4 Kf8 27. a5 Na8
28. Ba4 Ke7 29. Bc6 Nc7 30. Nca4 Nb8 31. Bb7 Be8 32. Nb6 Bd7 33. N2a4 Bxa4
34. Nxa4 Ne8 35. Bc8 Bc7 36. g3 h6 37. Kf2 Kd8 38. Bh3 Nd7 39. Nb2 Ke7 40. Nd3
g5 41. Ke3 h5 42. Bxd7 Kxd7 43. f4 Ke7 44. h4 g4 45. Nc1 Kf7 46. Nb3 Kg6
47. Kd3 Bd8 48. Be3 Be7 49. f5+ Kf7 50. Bd2 Bd8 51. Nc1 Ng7 52. Kc2 Ke7 53. Ne2
Kf7 54. Kb3 Be7 55. Nc3 Ke8 56. Bh6 Bf8 57. Na4 Nxf5 58. Bxf8 Nd4+ 59. Kb2 Kxf8
60. Nc3 Ke7 61. Ka3 Kd7 62. Kb2 f5 63. exf5 Nxf5 64. Ne4 Ke7 65. Kc3 Nd4
66. Kb2 Ne2 67. Kc2 Nd4+ 68. Kc3 Nf5 69. Kd3 Ng7 70. Ke3 Ne8 71. Kd3 Nf6
72. Nf2 Kf7 73. Ke3 Kg6 74. Nd3 Kf5 75. Nf2 e4 76. Nd1 Nd7 77. Nc3 Ne5 78. Nxe4
Nxc4+ 79. Kd3 Ke5 80. Nc3 Nxa5 0-1

[Event "9ème Open International de Rouen"]
[Site "ROUEN"]
[Date "2016.12.20"]
[Round "7.22"]
[White "Chavane, Thibaut"]
[Black "Julien, Franck"]
[Result "1-0"]
[WhiteElo "1792"]
[BlackElo "1569"]
[PlyCount "107"]
[EventDate "2016.??.??"]

1. e4 c5 2. Nf3 d6 3. d4 cxd4 4. Nxd4 Nc6 5. Nc3 Nf6 6. Be2 g6 7. Be3 Bg7 8.
O-O O-O 9. Qd2 a6 10. h3 Qc7 11. f4 e6 12. g4 Ne8 13. f5 d5 14. Kg2 dxe4 15.
fxe6 Nxd4 16. exf7+ Rxf7 17. Rxf7 Qxf7 18. Bxd4 Be6 19. Bxg7 Kxg7 20. Qd4+ Kg8
21. Rf1 Qe7 22. Qxe4 Rd8 23. Bc4 Ng7 24. Bxe6+ Qxe6 25. Qxb7 Rd2+ 26. Rf2 Rxf2+
27. Kxf2 Qf6+ 28. Kg2 Ne6 29. Qa8+ Kg7 30. Qf3 Qxf3+ 31. Kxf3 Nd4+ 32. Ke4 Nxc2
33. a3 Kf6 34. h4 Ne1 35. Nd5+ Kf7 36. Ne3 Ke6 37. g5 Kd6 38. b4 Kc6 39. a4 Kd6
40. b5 axb5 41. axb5 Kc5 42. b6 Kxb6 43. Kd5 Nf3 44. Ng2 Kc7 45. Ke6 Kd8 46.
Kf7 Ne5+ 47. Kg7 Ke7 48. Nf4 Nf3 49. Kxh7 Kf7 50. Nxg6 Ke6 51. Nf4+ Kf5 52. g6
Ne5 53. g7 Nd7 54. Nh5 1-0

[Event "9ème Open International de Rouen"]
[Site "ROUEN"]
[Date "2016.12.20"]
[Round "7.23"]
[White "Blasco, David"]
[Black "Lelievre, Clement"]
[Result "1-0"]
[WhiteElo "1596"]
[BlackElo "1786"]
[PlyCount "67"]
[EventDate "2016.??.??"]

1. e4 e5 2. f4 d5 3. exd5 e4 4. d3 Nf6 5. dxe4 Nxe4 6. Nf3 Bc5 7. Qe2 Qe7
8. Be3 Bxe3 9. Qxe3 O-O 10. Nbd2 Re8 11. O-O-O Bf5 12. Re1 Kf8 13. Qd4 c5
14. Qa4 Nd7 15. Bd3 Ndf6 16. Nxe4 Bxe4 17. Ng5 b5 18. Qa5 Qd6 19. Nxe4 Nxe4
20. Bxb5 Qxf4+ 21. Kb1 Nd2+ 22. Ka1 Rxe1+ 23. Rxe1 Qf2 24. Rd1 Ne4 25. Qc7 Qxc2
26. Rf1 Nf6 27. d6 Qg6 28. Bc6 Qd3 29. Qe7+ Kg8 30. Re1 Rb8 31. d7 h6 32. Qe8+
Rxe8 33. dxe8=Q+ Kh7 34. Be4+ 1-0

[Event "9ème Open International de Rouen"]
[Site "ROUEN"]
[Date "2016.12.20"]
[Round "7.24"]
[White "Madon, Francis"]
[Black "Herault, Theotime"]
[Result "0-1"]
[WhiteElo "1495"]
[BlackElo "1772"]
[PlyCount "94"]
[EventDate "2016.??.??"]

1. e4 Nf6 2. e5 Nd5 3. c4 Nb6 4. d4 d6 5. exd6 cxd6 6. Nc3 g6 7. Bd3 Bg7
8. Nge2 Nc6 9. Be3 O-O 10. b3 e5 11. d5 Ne7 12. Rc1 f5 13. f4 e4 14. Bb1 Nd7
15. O-O Nf6 16. h3 b6 17. a4 h6 18. Nb5 Nh7 19. Bd4 Rf7 20. Bxg7 Rxg7 21. Rc3
g5 22. Rg3 Nf6 23. fxg5 hxg5 24. Nbd4 f4 25. Nxf4 gxf4 26. Rxg7+ Kxg7 27. Rxf4
Ng6 28. Rf2 Bd7 29. Qd2 Qe7 30. Qe3 Qe5 31. Bc2 Rh8 32. Bd1 Rh6 33. b4 Nh4
34. b5 Rg6 35. Nc6 Qa1 36. Qd4 Qc1 37. Kh2 Qg5 38. g4 Nf5 39. Qc3 e3 40. Rf3
Kh7 41. Bc2 Nxg4+ 42. hxg4 Qxg4 43. Rh3+ Rh6 44. Rxh6+ Kxh6 45. Qh8+ Kg5
46. Qg8+ Kf4 47. Bxf5 Qxg8 0-1

[Event "9ème Open International de Rouen"]
[Site "ROUEN"]
[Date "2016.12.20"]
[Round "7.25"]
[White "Benassis, Nicola-Henri"]
[Black "Cleaud, Cyril"]
[Result "0-1"]
[WhiteElo "1448"]
[BlackElo "1761"]
[PlyCount "32"]
[EventDate "2016.??.??"]

1. e4 e5 2. Nf3 Nc6 3. Bb5 a6 4. Ba4 Nf6 5. O-O b5 6. Bb3 Be7 7. Re1 O-O 8. c3
d5 9. exd5 Nxd5 10. Nxe5 Nxe5 11. Rxe5 c6 12. d4 Bd6 13. Re1 Qh4 14. g3 Qh3
15. Qd3 Bg4 16. Qe4 Rae8 0-1

[Event "9ème Open International de Rouen"]
[Site "ROUEN"]
[Date "2016.12.20"]
[Round "7.26"]
[White "Cardon, Guillaume"]
[Black "Bat, Bilguun"]
[Result "1-0"]
[WhiteElo "1735"]
[BlackElo "1563"]
[PlyCount "61"]
[EventDate "2016.??.??"]

1. d4 Nf6 2. c4 c5 3. d5 e6 4. Nc3 exd5 5. cxd5 d6 6. e4 g6 7. Nf3 Bg4 8. Bg5
Bg7 9. Bb5+ Nbd7 10. h3 Bxf3 11. Qxf3 a6 12. Bxd7+ Kxd7 13. O-O h6 14. Bh4 g5
15. Bg3 Qe7 16. Rfe1 Nh7 17. e5 dxe5 18. d6 Kxd6 19. Rad1+ Ke6 20. Qd5+ Kf6
21. Bxe5+ Kg6 22. Bxg7 Qxe1+ 23. Rxe1 Kxg7 24. Re7 Rhf8 25. Rxb7 Rac8 26. Qe5+
Kg8 27. Nd5 f6 28. Qe7 Rc7 29. Rxc7 Rf7 30. Qxf7+ Kh8 31. Qxh7# 1-0

[Event "9ème Open International de Rouen"]
[Site "ROUEN"]
[Date "2016.12.20"]
[Round "7.27"]
[White "Bailly, Thierry"]
[Black "Cassiau, Kevin"]
[Result "1/2-1/2"]
[WhiteElo "1716"]
[BlackElo "1509"]
[PlyCount "43"]
[EventDate "2016.??.??"]

1. d4 Nf6 2. c4 e5 3. dxe5 Ng4 4. Nc3 Bc5 5. e3 Nxe5 6. a3 a5 7. b3 O-O 8. Bb2
Re8 9. Be2 Qg5 10. Bf3 d6 11. Nd5 Na6 12. b4 Ba7 13. h4 Qd8 14. Qb3 c6 15. Nf4
Qb6 16. Bc3 Be6 17. Nxe6 Rxe6 18. Be2 Rae8 19. Nh3 Ng6 20. Ng5 R6e7 21. O-O-O
axb4 22. axb4 1/2-1/2

[Event "9ème Open International de Rouen"]
[Site "ROUEN"]
[Date "2016.12.20"]
[Round "7.28"]
[White "Thery, Arthus"]
[Black "Vouin, Denis"]
[Result "0-1"]
[WhiteElo "1254"]
[BlackElo "1709"]
[PlyCount "118"]
[EventDate "2016.??.??"]

1. e4 d5 2. exd5 Qxd5 3. Nc3 Qa5 4. d4 Nf6 5. Bc4 Bg4 6. f3 Bf5 7. Bd2 c6
8. Nge2 e6 9. g4 Bg6 10. Nf4 Qc7 11. Nxg6 hxg6 12. Qe2 Bd6 13. O-O-O Nbd7
14. h4 O-O-O 15. Bg5 Bf4+ 16. Bxf4 Qxf4+ 17. Kb1 Kb8 18. Qh2 Qxh2 19. Rxh2 Nb6
20. Bb3 Rd7 21. Ne4 Nfd5 22. Nc5 Re7 23. c3 Nf4 24. Nd3 Nbd5 25. Nxf4 Nxf4
26. Re1 g5 27. Reh1 e5 28. dxe5 gxh4 29. Rxh4 Rxh4 30. Rxh4 Rxe5 31. Bxf7 Re2
32. Rh7 b5 33. Rxg7 Nd3 34. Bg6 Nxb2 35. Bc2 Nc4 36. Bd3 Na3+ 37. Ka1 Rd2
38. Be4 Nc4 39. a3 Rd1+ 40. Ka2 Rd2+ 41. Kb1 Nxa3+ 42. Kc1 Rd6 43. Rg8+ Kc7
44. Rg6 Nc4 45. Rxd6 Kxd6 46. g5 c5 47. Kc2 a5 48. g6 Ke6 49. Bc6 Nd6 50. c4
Nxc4 51. Bd5+ Kf6 52. Bxc4 bxc4 53. Kc3 Kxg6 54. Kxc4 a4 55. Kc3 Kf5 56. Kb2 c4
57. Ka3 c3 58. Ka2 Kf4 59. Kb1 a3 0-1